000 00542nam a22001817a 4500
999 _c19249
_d19249
003 AR-CdUCM
008 190225b ||||| |||| 00| 0 spa d
040 _aMUNICIPALIDAD PROVINCIAL DEL CUSCO
_cBIBLIOTECA MUNICIPAL DEL CUSCO
082 _a869.56 /
_bG25
245 _aLa posada de los pajaros /
300 _a61 paginas ;
_c21 cm.
505 _aContenido: Cuentos e historias.
650 _aCuentos
_9312
650 _aHistorias
_92725
650 _aLa posada de los pajaros
_932303
942 _2ddc
_cLIBROS
945 _adavv
_d2019-05-17